Trudny quiz wiedzy #3 - Statystyki

Ogólne statystyki
  • Ten quiz został rozwiązany 15 razy
  • Średni wynik to 11 z 25
Statystyki odpowiedzi
Pytanie Odpowiedź % Poprawnych
Podaj lata, w których Polska oficjalnie stała się członkiem następujących organizacji międzynarodowych: ONZ (jako członek pierwotny) NATO Unia Europejska 2004
100%
Podaj lata, w których Polska oficjalnie stała się członkiem następujących organizacji międzynarodowych: ONZ (jako członek pierwotny) NATO Unia Europejska 1999
91%
13. O jakim owocu mowa w popularnym angielskim przysłowiu, według którego jedzenie jednej sztuki dziennie pozwoli nam uniknąć wizyt u lekarza? Jabłko
91%
3. Jak nazywa się proces przejścia substancji ze stanu gazowego bezpośrednio w stan stały? Przykładem tego zjawiska w przyrodzie jest powstawanie szronu na drzewach lub szybkach. Resublimacja
73%
7. Republika Południowej Afryki (RPA) posiada aż trzy oficjalne stolice. Wymień je wszystkie Pretoria
55%
17. Jaki jest największy organ ludzkiego ciała? skóra
55%
7. Republika Południowej Afryki (RPA) posiada aż trzy oficjalne stolice. Wymień je wszystkie Kapsztad
45%
11. Zbiorcze określenie grupy słynnych muzyków (m.in. J. Hendrix, J. Morrison, K. Cobain), którzy zmarli u szczytu sławy w tym samym, konkretnym wieku. Podaj tę nazwę. Klub 27
45%
15. Tradycyjna chińska gra dla czterech graczy, rozgrywana przy użyciu 144 zdobionych płytek (kamieni). Choć na komputerach kojarzona z układanką, w oryginale przypomina remika i wymaga strategii oraz zapamiętywania układów. Mahjong
45%
4. Rodzaj wskaźnika chemicznego, który w roztworach kwasowych barwi się na czerwono, a w zasadowych na niebiesko. W języku potocznym oznacza niezawodny sprawdzian lub test. Papierek lakmusowy
45%
6. Podaj nazwy dwóch internetowych stacji radiowych, które powstały w 2020 i 2021 roku po masowym odejściu dziennikarzy z Programu Trzeciego Polskiego Radia (Trójki). Radio Nowy Świat
45%
12. Starożytne twierdzenie mówiące o tym, że jeśli ramiona kąta przetniemy dwiema prostymi równoległymi, to odcinki wyznaczone na tych ramionach są do siebie proporcjonalne. Twierdzenie Talesa
45%
20. Podaj lata, w których Polska oficjalnie stała się członkiem następujących organizacji międzynarodowych:ONZ (jako członek pierwotny) NATO Unia Europejska 1945
36%
10. Jak nazywa się legendarny polski reżyser, twórca m.in. trylogii „Trzy kolory” oraz „Dekalogu”, który był nominowany do Oscara za reżyserię i scenariusz? Krzysztof Kieślowski
36%
6. Podaj nazwy dwóch internetowych stacji radiowych, które powstały w 2020 i 2021 roku po masowym odejściu dziennikarzy z Programu Trzeciego Polskiego Radia (Trójki). Radio 357
36%
2. Polski pianista, który w 2005 roku zdominował XV Konkurs Chopinowski, zdobywając nie tylko I nagrodę, ale także wszystkie nagrody specjalne (za co jury nie przyznało wówczas II nagrody). Rafał Blechacz
36%
8. Polska malarka epoki art déco, znana z eleganckich portretów i aktów (np. "Autoportret w zielonym Bugatti"), której prace osiągają rekordowe ceny na światowych aukcjach. Tamara Łempicka
36%
5. Pod takim pseudonimem tworzył Eric Arthur Blair, autor najsłynniejszych antyutopii XX wieku. George Orwell
27%
18. Wykonany z brązu olbrzymi posąg boga Heliosa, jeden z cudów świata. Został zniszczony przez trzęsienie ziemi zaledwie 66 lat po wzniesieniu. Kolos Rodyjski
27%
19. Wybitny polski pianista i kompozytor jazzowy, z zawodu lekarz laryngolog. Światową sławę przyniosła mu muzyka filmowa, w tym legendarna „Kołysanka” z horroru Romana Polańskiego „Dziecko Rosemary”. Krzysztof Komeda (lub: Krzysztof Trzciński)
27%
1. Jak nazywał się król Belgów, który uczynił z Konga swoją prywatną własność (Wolne Państwo Kongo), dopuszczając się tam niewyobrażalnych okrucieństw w celu eksploatacji kauczuku? Leopold II
27%
14. Założony w 2001 roku, jest obecnie najmłodszym z 23 polskich parków narodowych. Chroni on rozlewiska u zbiegu dwóch dużych rzek w województwie lubuskim. Ujście Warty
27%
16. Jak nazywało się prawdziwe imię i nazwisko Muhammada Alego, którego używał przed przejściem na islam i zmianą tożsamości w 1964 roku? Cassius Clay
18%
7. Republika Południowej Afryki (RPA) posiada aż trzy oficjalne stolice. Wymień je wszystkie Bloemfontein
9%
9. Technologia tworząca bezpieczny, szyfrowany „tunel” nad siecią publiczną, pozwalająca m.in. na zdalną pracę tak, jakby komputer był w sieci firmowej. Podaj pełną nazwę tego rozwiązania (3 słowa). VPN (Virtual Private Network)
9%
Nie znaleziono quizów pasujących do podanych kryteriów
Rozkład punktacji
Procent ludzi z każdym wynikiem
Percentyl według liczby udzielonych odpowiedzi
Twoja historia wyników
Nie rozwiązałeś tego quizu